000 00826nam a2200253 a 4500
003 MX-MxUPN
005 20240924064140.0
008 991125s1924 mx a fr 001 0 spa d
035 _aUPN01000017683
040 _aMX-MxUPN
_bspa
_cMX-MxUPN
041 _aspa
050 4 _aLA421
_bM6.3
100 1 _aMontes de Oca, Francisco,
_d1837-1885
_929641
245 1 3 _aLa educación moderna en México :
_bnuevo tratado de pedagogía
260 _aMéxico, D.F. :
_bGerardo Sisniega, editor,
_c1924.
300 _a196 páginas :
_bilustraciones
500 _aDisponible en la Colección Medina
504 _aIncluye índice.
650 4 _aEducación
_zMéxico
_95405
710 2 _951335
_aMuseo Pedagógico Nacional (México)
_epropietario anterior
902 _bMaríaRobles/050924
905 _aLibro
942 _2lcc
_cLIBRO
_n0
999 _c17683
_d17683